00635nam a2200193 a 450000100100000000500170001000800410002704000250006808200080009310000290010124500450013025000110017526000460018630000210023249000280025383000350028195201080031699900170042400003947220201002031652.0130701s1958 ag 000 0 spa d aDO-SdBNPbspacBNPHU axxx1 aRomero, Francisco94024210aTeoría del hombre /cFrancisco Romero. a2a ed. aBuenos Aires, Argentina :bLosada,c1958. a290 p. ;c20 cm.1 aBiblioteca filosófica 0aBiblioteca filosófica960733 001050718MOaGRbGRcCTd2013-07-01iLF1l0oxxx p39472-10r2020-06-25w2020-06-25y1ZNo se presta c38962d38962